000 00682nam a22002177a 4500
003 OSt
005 20250703065913.0
008 250703b |||||||| |||| 00| 0 eng d
020 _a97862144160488
040 _aDWCL - Main lib
_cOC
082 _aFil. 657.3 V173f 2019
100 _aValix, Conrado T.
245 _aFinancial accounting, volume two/
_cConrado T. Valix
250 _a2019 revised edition.
260 _aManila :
_bGIC Enterprises & Co.,
_cc2019.
300 _a1198 pages :
_b illustrations ;
_c23 cm.
650 _a1. Accounting.
700 _aJose F. Peralta
700 _aChristian Aris M. Valix
942 _2ddc
_cBK - FIL
_e2019 revised edition.
_kFil.
_n0
999 _c3371
_d3371